000 01138nam0a22002531 4500
001 rc\2902560
005 20250806211309.0
035 _a(NLR Aleph) 007053819
090 _a43622
_c43622
100 _a20110802d1943 u y0rusy50 ca
101 0 _arus
102 _aRU
105 _aa z |||||
200 1 _aПамятка по изготовлению электродов для электроплавильных печей на железнодорожном транспорте
_eРек. Центр. упр, машиностр. заводами НКПС в качестве руководства для работников заводов, крупных мастерских и депо НКПС
210 _aМосква
_cТрансжелдориздат
_d1943
215 _a13 с., включ. 1 с. обл.
_cчерт.
_d16 см
700 1 _aАрхипов
_bВ.В.
_gВладимир Васильевич
801 0 _aRU
_bNLR
_gpsbo
801 1 _aRU
_bELAR
_2rusmarc
852 _aNLR
_jТ20 Г-2/39
942 _cBOOK
945 _aРоссийская национальная библиотека
980 _aNB
980 _aBV